000 00359nam a2200157Ia 4500
003 OSt
005 20240102095616.0
008 170524s9999 xx 000 0 und d
020 _a9788120332348
040 _cIIMT UNIVERSITY
100 _aHunger - David
100 _c2010
245 0 _aESSENCIAL OF STRATEGIC MANAGEMENT
260 _aPHI
942 _2ddc
_c02
999 _c2538
_d2538